Sports Quiz

Random Sports or Blitz Quiz

30 Second SPORCLE Blitz: Big 4 Teams Quiz Stats

 Plays Quiz Updated Jan 21, 2019

Score 0/7 Timer 00:30
6 Plays Today
Letter Sample Team % Correct
PPanthers
94.9%
SSuns
94.8%
RRed Wings
92.4%
CCardinals
87.1%
LLakers
81.3%
OOilers
81.1%
EEagles
69.4%

You're not logged in!

Compare scores with friends on all Sporcle quizzes.
OR
Log In

Show Comments

Extras

Top Quizzes Today


Score Distribution

Your Account Isn't Verified!

In order to create a playlist on Sporcle, you need to verify the email address you used during registration. Go to your Sporcle Settings to finish the process.

Report this User

Report this user for behavior that violates our Community Guidelines.

Details: